[Event "Pula CC-ch"]
[Site "Pula"]
[Date "2014.01.28"]
[Round "4"]
[White "Bankovic, Ivan"]
[Black "Siljan, Milorad"]
[Result "0-1"]
[WhiteElo "1839"]
[BlackElo "2067"]
[PlyCount "52"]
[EventDate "2014.01.17"]
[EventType "swiss"]
[EventRounds "9"]
[EventCountry "CRO"]
[SourceTitle "EXT 2016"]
[Source "ChessBase"]
[SourceDate "2015.10.08"]
[SourceVersion "1"]
[SourceVersionDate "2015.10.08"]
[SourceQuality "1"]

1. Nf3 c5 2. c4 Nc6 3. g3 e6 4. Bg2 d5 5. cxd5 exd5 6. 0-0 Nf6 7. d4 c4 8. Bg5 h6 9. Bxf6 Qxf6 10. e3 Bf5 11. Nc3 Rd8 12. Nh4 Bd3 13. Nxd5 Qd6 14. Re1 g5 15. Nf3 Qxd5 16. Ne5 Qe6 17. Qa4 Rc8 18. Nxc6 bxc6 19. d5 Qd7 20. dxc6 Qc7 21. Bd5 Bg7 22. Rad1 0-0 23. Bxc4 Bxc4 24. Qxc4 Qxc6 25. Qe2 Qc4 26. Rd7 Qxa2 0-1

[Event "Pula CC-ch"]
[Site "Pula"]
[Date "2014.01.21"]
[Round "2"]
[White "Desnica, Jovan"]
[Black "Bankovic, Ivan"]
[Result "0-1"]
[WhiteElo "1806"]
[BlackElo "1839"]
[PlyCount "143"]
[EventDate "2014.01.17"]
[EventType "swiss"]
[EventRounds "9"]
[EventCountry "CRO"]
[SourceTitle "EXT 2016"]
[Source "ChessBase"]
[SourceDate "2015.10.08"]
[SourceVersion "1"]
[SourceVersionDate "2015.10.08"]
[SourceQuality "1"]

1. e4 e5 2. Nf3 Nc6 3. Bb5 a6 4. Ba4 Bc5 5. c3 Qe7 6. d3 h6 7. Nbd2 Nf6 8. Nf1 d6 9. h3 Bd7 10. Ne3 b5 11. Bc2 Nd8 12. 0-0 c6 13. Re1 Bb6 14. Nf1 Ne6 15. Ng3 Nc7 16. d4 Rd8 17. Qe2 0-0 18. b3 c5 19. d5 Rc8 20. Bd2 Nh7 21. Rab1 Ne8 22. c4 b4 23. Be3 Bd8 24. Qd2 Qf6 25. Bd1 Qg6 26. Nh2 Nef6 27. Bf3 h5 28. Kh1 h4 29. Nf5 Bxf5 30. exf5 Qxf5 31. Ng4 Rc7 32. Be2 Nxg4 33. hxg4 Qg6 34. f3 Bg5 35. Bd3 Bxe3 36. Qxe3 Qf6 37. Rf1 g6 38. Rbd1 Re7 39. Qh6 Qg5 40. Qxg5 Nxg5 41. Rde1 Rfe8 42. Be4 Kg7 43. Kh2 f6 44. Rh1 Rh8 45. Kg1 Ree8 46. Kf2 Ref8 47. Bc2 f5 48. gxf5 gxf5 49. g3 hxg3+ 50. Kxg3 Kf6 51. f4 Nf7 52. fxe5+ dxe5 53. Rhf1 Rfg8+ 54. Kf3 Rh3+ 55. Ke2 Nd6 56. Rf2 Rgg3 57. Ref1 f4 58. Kd1 Re3 59. Rg2 Rhg3 60. Rh2 Kg5 61. Rfh1 Kg4 62. Kc1 Rh3 63. Bd1+ Kh4 64. Rxh3+ Rxh3 65. Rg1 Rh2 66. Rg6 Ne4 67. Bf3 Ng5 68. Rh6+ Kg3 69. Rxh2 Kxh2 70. Bg4 Ne4 71. Kd1 Kg3 72. Bh5 0-1

[Event "Pula Uljanik CC-ch"]
[Site "Pula"]
[Date "2013.01.26"]
[Round "3"]
[White "Bankovic, Ivan"]
[Black "Saric, Husnija"]
[Result "1-0"]
[WhiteElo "1868"]
[BlackElo "1833"]
[PlyCount "83"]
[EventDate "2013.01.17"]
[EventType "swiss"]
[EventRounds "9"]
[EventCountry "CRO"]
[SourceTitle "EXT 2014"]
[Source "ChessBase"]
[SourceDate "2013.11.20"]
[SourceVersion "1"]
[SourceVersionDate "2013.11.20"]
[SourceQuality "1"]

1. Nf3 d5 2. d4 Nf6 3. g3 e6 4. Bg2 c5 5. c3 b5 6. dxc5 Bxc5 7. 0-0 Bb7 8. Bg5 Nbd7 9. Nbd2 a5 10. b3 0-0 11. e3 Rc8 12. Rc1 Qb6 13. Bf4 Bd6 14. Bxd6 Qxd6 15. Nd4 Qb6 16. Ne2 Nc5 17. Nf3 Ng4 18. Qd4 f5 19. b4 axb4 20. cxb4 Nd7 21. Qxb6 Nxb6 22. Nfd4 e5 23. Ne6 Rfe8 24. Nc5 Bc6 25. Rfd1 Nc4 26. Nc3 Ngxe3 27. fxe3 Nxe3 28. Bxd5+ Bxd5 29. Rxd5 Nxd5 30. Nxd5 Kf7 31. Nc3 Rcd8 32. Nxb5 e4 33. Rc2 Rd1+ 34. Kf2 Red8 35. Ke2 g5 36. Nc3 Rh1 37. Ke3 Re1+ 38. Ne2 Rdd1 39. Rd2 Rb1 40. a3 Kf6 41. Rd6+ Ke5 42. Re6+ 1-0

[Event "CRO-chT3"]
[Site "Rijeka/Pula"]
[Date "2009.04.05"]
[Round "2"]
[White "Pejic, Igor"]
[Black "Bankovic, Ivan"]
[Result "0-1"]
[WhiteElo "1861"]
[BlackElo "1931"]
[PlyCount "70"]
[EventDate "2009.04.04"]
[EventType "team-tourn"]
[EventRounds "9"]
[EventCountry "CRO"]
[SourceTitle "EXT 2011"]
[Source "ChessBase"]
[SourceDate "2010.11.26"]
[SourceVersion "1"]
[SourceVersionDate "2010.11.26"]
[SourceQuality "1"]

1. e4 e5 2. Nf3 Nc6 3. d4 exd4 4. Bc4 d6 5. Nxd4 Nxd4 6. Qxd4 Qf6 7. Qd3 Be6 8. Nc3 c6 9. 0-0 Bxc4 10. Qxc4 Qe6 11. Qd3 Be7 12. Bf4 Nf6 13. Rad1 Rd8 14. Qd4 Nh5 15. Bg3 0-0 16. Qxa7 Nxg3 17. hxg3 b5 18. a3 Bf6 19. Qe3 Rfe8 20. Rfe1 Qc4 21. Qd3 Qc5 22. Re3 g6 23. Qe2 b4 24. axb4 Qxb4 25. Rb1 Bd4 26. Rd3 d5 27. Na2 Qb6 28. c3 Rxe4 29. Qd2 Bg7 30. Kf1 Rde8 31. Nb4 Qb5 32. Nc2 Bh6 33. Qd1 c5 34. f3 Re3 35. Nxe3 Rxe3 0-1

[Event "Rabac op"]
[Site "Rabac"]
[Date "2003.11.15"]
[Round "1.9"]
[White "Bankovic, Ivan"]
[Black "Doric, Nenad"]
[Result "0-1"]
[WhiteElo "2133"]
[BlackElo "2390"]
[PlyCount "140"]
[EventDate "2003.11.15"]
[EventType "swiss"]
[EventRounds "9"]
[EventCountry "CRO"]
[SourceTitle "CBM 097 Extra"]
[Source "ChessBase"]
[SourceDate "2004.01.13"]
[SourceVersion "1"]
[SourceVersionDate "2004.01.13"]
[SourceQuality "1"]

1. Nf3 d5 2. g3 c6 3. Bg2 Bg4 4. d3 Nd7 5. Nbd2 e6 6. e4 Bd6 7. c4 Ne7 8. Qc2 0-0 9. 0-0 Rc8 10. Re1 e5 11. a3 a5 12. Nf1 f6 13. Bd2 b5 14. b3 Be6 15. Ne3 d4 16. Nf1 bxc4 17. bxc4 Nc5 18. Reb1 a4 19. Bc1 Qa5 20. Bd2 Qc7 21. Bc1 Rb8 22. N1d2 Qa5 23. Rxb8 Rxb8 24. Rb1 Qc3 25. Rxb8+ Bxb8 26. Qb1 Bc7 27. Bf1 Nc8 28. Kg2 Nb6 29. Bb2 Qa5 30. Qc2 Nbd7 31. Ng1 Qb6 32. Be2 Nb3 33. Ngf3 Ndc5 34. h3 Qb8 35. g4 Ba5 36. Nb1 Kf7 37. Bd1 Ke7 38. Bc1 Nxd3 39. Bd2 Ndc5 40. Bxa5 Nxa5 41. Ne1 Bxc4 42. Nd2 Qb5 43. Nxc4 Qxc4 44. Qb2 Nab3 45. Nc2 Nxe4 46. Nb4 Ned2 47. Qc2 Qxc2 48. Bxc2 Kd6 49. Bxh7 c5 50. Nc2 c4 51. f3 g5 52. Kf2 Nc5 53. Ke2 Ndb3 54. Kd1 d3 55. Ne3 c3 56. Nc4+ Kc7 57. Bxd3 Nxd3 58. Kc2 Ne1+ 59. Kxc3 Nxf3 60. Ne3 Kc6 61. Kb4 Nc5 62. Kc4 Ng1 63. Nd5 Nxh3 64. Nxf6 Nf2 65. Nh7 Nxg4 66. Nxg5 Ne3+ 67. Kb4 Nc2+ 68. Kc3 Nxa3 69. Nf3 Kd5 70. Nd2 Ne4+ 0-1